Школа в моей жизни. Ч. 1: Дошкольные и школьные годы. Учеба в Пермском государственном педагогическом институте и начало работы в школе. Фотографии (Запись № 13466260)

Подробности
000 -МАРКЕР
контрольное поле 01213nam2a2200241 4500
001 - ИДЕНТИФИКАТОР ЗАПИСИ
контрольное поле RU\NLR\BIBL_A\022652705
005 - ИДЕНТИФИКАТОР ВЕРСИИ
контрольное поле 20251117134011.0
010 ## - МЕЖДУНАРОДНЫЙ СТАНДАРТНЫЙ НОМЕР КНИГИ (ISBN)
Номер (ISBN) 978-5-6052906-4-3
Тираж 100
021 ## - НОМЕР ГОСУДАРСТВЕННОЙ РЕГИСТРАЦИИ
Код страны Российская Федерация
Номер КН-П-25-053960
Номер Листа государственной регистраци КН-П-25-5200
035 ## - ДРУГИЕ СИСТЕМНЫЕ НОМЕРА
Идентификатор записи (NLR Aleph) 022652705
100 ## - ДАННЫЕ ОБЩЕЙ ОБРАБОТКИ
Данные общей обработки 20251023d2025 u y0rusy50 ca
101 0# - ЯЗЫК РЕСУРСА
Язык текста, звукозаписи и т.д. русский
102 ## - СТРАНА ПУБЛИКАЦИИ ИЛИ ПРОИЗВОДСТВА
Страна публикации Российская Федерация
105 ## - ПОЛЕ КОДИРОВАННЫХ ДАННЫХ: ТЕКСТОВЫЕ МАТЕРИАЛЫ, МОНОГРАФИЧЕСКИЕ
Кодированные данные о монографическом текстовом документе ac z 000ya
200 1# - ЗАГЛАВИЕ И СВЕДЕНИЯ ОБ ОТВЕТСТВЕННОСТИ
Основное заглавие Дошкольные и школьные годы. Учеба в Пермском государственном педагогическом институте и начало работы в школе. Фотографии
210 ## - ПУБЛИКАЦИЯ, РАСПРОСТРАНЕНИЕ И ДР.
Дата издания, распространения и т.д. [2025]
215 ## - ФИЗИЧЕСКАЯ ХАРАКТЕРИСТИКА
Специфическое обозначение материала и объем 120 с.
Другие сведения о физической характеристике ил., цв. ил., портр.
461 #0 - УРОВЕНЬ НАБОРА
Встроенное поле 001RU\NLR\BIBL_A\022652701
-- 2001#$aШкола в моей жизни$fЦветов Михаил Геннадьевич$vЧ. 1
-- 700#1$aЦветов$bМ. Г.$f1954-$gМихаил Геннадьевич
Системный номер (АБИС) связанной записи 13466258
Автор Цветов, М. Г. (1954-)
Место публикации Пермь
Дата публикации [2025]-
Первые сведения об ответственности Цветов Михаил Геннадьевич
Имя издателя, распространителя и т.д. Форвард-С
Заглавие Школа в моей жизни
Номер тома Ч. 1
942 ## - ДОПОЛНИТЕЛЬНЫЕ ЭЛЕМЕНТЫ ЗАПИСИ (АБИС)
Тип экземпляра АБИС Книга
980 ## - КОЛЛЕКЦИЯ
Название коллекции Национальная библиография

Нет доступных экземпляров.